[Event "Barcelona Sant Marti op 05th"]
[Site "Barcelona"]
[Date "2003.04.26"]
[Round "1.28"]
[White "Calvet, Ramon"]
[Black "Perez de Villar Framil, Ivan"]
[Result "0-1"]
[WhiteElo "1720"]
[BlackElo "1980"]
[PlyCount "90"]
[EventDate "2003.04.26"]
[EventType "swiss"]
[EventRounds "9"]
[EventCountry "ESP"]
[SourceTitle "EXT 2004"]
[Source "ChessBase"]
[SourceDate "2003.11.25"]
[SourceVersion "1"]
[SourceVersionDate "2003.11.25"]
[SourceQuality "1"]

1. d4 Nf6 2. Nf3 d5 3. e3 Bf5 4. Nbd2 e6 5. h3 Bd6 6. Nh4 Ne4 7. Nxf5 exf5 8. c4 dxc4 9. Bxc4 Nxd2 10. Bxd2 Qe7 11. 0-0 c6 12. Bd3 g6 13. Rc1 0-0 14. a3 Nd7 15. Qb3 Nf6 16. Qd1 Rfe8 17. Re1 Rad8 18. Bc3 Qd7 19. d5 Nxd5 20. Bd4 b6 21. b4 c5 22. Bb5 Qxb5 23. bxc5 Bxc5 24. a4 Qc6 25. Qc2 Nf4 26. f3 Nh5 27. Ba1 Bxe3+ 28. Kh1 Qxc2 29. Rxc2 Bf4 30. Rxe8+ Rxe8 31. g3 Nxg3+ 32. Kg2 Re2+ 33. Rxe2 Nxe2 34. Kf1 Nc1 35. Bd4 Nb3 36. Bc3 Nc5 37. a5 Kf8 38. axb6 axb6 39. Ke2 Ke7 40. Bd4 Ke6 41. Kf2 Kd5 42. Bf6 Be5 43. Bd8 b5 44. Ba5 Kc4 45. Ke2 Bc3 0-1